000 00374pab a2200145 454500
008 180718b1985 xxu||||| |||| 00| 0 eng d
100 _aSuri, P.C.
245 _aThe Punjab crisis
_bBasic issues and diagnosis
260 _c1985
300 _a10-15,23-6,21-6,24-6
362 _a22,29 June,6,13 July
650 _aPunjab - Politics
773 _aMainstream
909 _a16842
999 _c16842
_d16842